Sliced Movies V Quiz Stats

 Plays Quiz Updated Sep 15, 2016

Also try: Sliced Movies IV
Challenge
Share
Tweet
Score 0/24 Timer 06:00
3 Plays Today
% Correct
Harry Potter and the Prisoner of Azkaban
92%
Ghostbusters
85.8%
Raiders of the Lost Ark
83.6%
Pulp Fiction
82.7%
Apollo 13
82.3%
The Blues Brothers
82%
Meet the Fockers
79.6%
American Sniper
78.5%
The Big Lebowski
76.6%
One Flew Over the Cuckoo's Nest
73.3%
Jaws
72.9%
The Truman Show
72.6%
% Correct
Zoolander 2
71.4%
No Country for Old Men
67.4%
Saving Private Ryan
64.3%
The Lord of the Rings: The Return of the King
63.2%
The BFG
56.3%
The Waterboy
54.5%
Butch Cassidy and the Sundance Kid
49.1%
The Reader
39.1%
Tomorrowland
33.2%
American Hustle
31.7%
Holes
31.7%
The Royal Tenenbaums
26.9%

You're not logged in!

Compare scores with friends on all Sporcle quizzes.
OR
Log In

You Might Also Like...

Show Comments

Extras

Top Quizzes Today


Score Distribution

Your Account Isn't Verified!

In order to create a playlist on Sporcle, you need to verify the email address you used during registration. Go to your Sporcle Settings to finish the process.

Report this User

Report this user for behavior that violates our Community Guidelines.

Details: